01692nab a2200205uuc4500001000800000005001700008008004100025035001200066040001300078041000800091100004700099245009100146520095800237650003301195650004901228650002001277650003901297650002901336773012101365142965020240202122937.0151211e20150408 spa  a1429650 ccomduadb aspa10aDuque Sánchez, Alicia Patricia4auteaut10aEstado de flujos de efectivo : aplicación de razonamientos algebraicos y de la NIC 73 aRESUMEN: El presente documento explica cómo elaborar el Estado de Flujos de Efectivo, EFE, al aplicar razonamientos algebraicos, contables y la NIC 7. Las explicaciones específicas se basan en un caso expresado con símbolos de letras en lugar de las cifras, el cual corresponde a un ejemplo sencillo de una empresa comercial que incorpora los otros tres estados financieros, políticas contables e información adicional requerida. Lo expuesto constituye una demostración matemático-contable de la manera como se construye la estructura de presentación del Estado de Flujos de Efectivo por el método directo, a partir de la doble ecuación vertical del Estado de Situación Financiera. El estudio riguroso de esta demostración posibilita su aplicación en casos prácticos de las organizaciones, por lo cual constituye un reto para fortalecer las habilidades de pensamiento de orden superior, con el aprendizaje a partir del texto. aEstado de flujos financieros aNormas internacionales de contabilidad (NIC) 7aÁlgebra2lemb aContabilidad - Modelos matematicos aContabilidad empresarial0 tCuadernos de Contabilidad (Bogotá)gVolúmen 16, Número 40, Enero-Abril 2015, 73-109w583603x0123-14720142615